Shiraz Shahid Dastgheib Int. Airport Destinations (Shiraz, Iran) - Statistics

General Stats
  • This quiz has been taken 10 times
    4 since last reset
  • The average score is 13 of 38
Answer Stats
Airline Destination % Correct
flydubai/Iran Air/Iran Airtour/Qeshm Air Dubai (International)
100%
FlyPersia/Iran Air/Pars Air/Qeshm Air Isfahan
100%
Iran Airtour/Turkish Airlines Istanbul
100%
Pegasus Airlines Istanbul (Sabiha Gokcen)
100%
Iran Air/Jazeera Airways/Kuwait Airways Kuwait City
100%
Oman Air/Pars Air/Qeshm Air/SalamAir/Taban Air Muscat
100%
Air Arabia Sharjah
100%
Air1Air/Asa Jet/ATA Airlines/AVA Airlines/Caspian Airlines/Chabahar Airlines/FlyPersia/Iran Air/Iran Airtour/Iran Aseman Airlines/Karun Airlines/Kish Air/Mahan Air/Pars Air/Pouya Air/Qeshm Air/Saha Airlines/Sepehran Airlines/Taban Air/Varesh Airlines/Yazd Airways/Zagros Airlines Tehran (Mehrabad)
100%
Iran Air/Qatar Airways Doha
67%
Iran Air Jeddah
67%
ATA Airlines/Caspian Airlines/FlyPersia/Iran Airtour/Iran Aseman Airlines/Kish Air/Pars Air/Qeshm Air/Saha Airlines/Sepehran Airlines/Taban Air/Varesh Airlines/Zagros Airlines Mashhad
67%
Iran Air Medina
67%
FlyPersia/Iran Airtour/Iran Aseman Airlines/Pars Air Tabriz
67%
Iran Aseman Airlines/Karun Airlines/Mahan Air/Pars Air Ahvaz
33%
Mahan Air Kerman
33%
ATA Airlines/Chabahar Airlines/FlyPersia/Iran Airtour/Iran Aseman Airlines/Kish Air/Pars Air/Qeshm Air/Saha Airlines/Taban Air Kish
33%
FlyPersia/Iran Air/Qeshm Air/Yazd Airways Qeshm
33%
Iran Aseman Airlines/Pouya Air Rasht
33%
Iran Aseman Airlines Zahedan
33%
Iran Aseman Airlines Abadan
0%
Caspian Airlines/FlyPersia/Kish Air/Saha Airlines Asaluyeh
0%
Karun Airlines Bahregan
0%
FlyPersia/Iran Air/Iran Aseman Airlines/Karun Airlines/Pars Air/Pouya Air/Taban Air Bandar Abbas
0%
Iran Air Bandar Lengeh
0%
FlyPersia/Saha Airlines Chabahar/Konarak
0%
Pars Air Gorgan
0%
Pars Air Jask
0%
Pars Air Kermanshah
0%
Karun Airlines/Qeshm Air Kharg
0%
Iran Air Lamerd
0%
Karun Airlines/Saha Airlines Lavan
0%
Karun Airlines Mahshahr
0%
Kish Air/Pars Air Najaf
0%
Qeshm Air Noshahr
0%
Iran Aseman Airlines/Varesh Airlines Sari
0%
Karun Airlines Sirri Island
0%
Pars Air/Taban Air Sohar
0%
Pars Air Tbilisi
0%
No matching quizzes found
Score Distribution
Percent of People with Each Score
Percentile by Number Answered
Your Score History
You have not taken this quiz since the last reset